MARC

LEADER 00000nam0a2200000 4500
001 374063
005 20231102012624.0
010 |a 5060008681 
020 |a RU  |b 90-30265 
035 |a (RuTPU)RU\TPU\retro\31496 
035 |a RU\TPU\book\249651 
090 |a 374063 
100 |a 20221216d1990 m y0rusy5003 ca 
101 0 |a rus 
102 |a RU 
105 |a a z 001zy 
200 1 |a Ремонт оборудования и аппаратуры распределительных устройств  |f Г. С. Коротков, М. Я. Членов 
205 |a 4-е изд., перераб. и доп. 
210 |a Москва  |c Высшая школа  |d 1990 
215 |a 270 с.  |c ил. 
320 |a Библиогр.: с. 268. 
606 1 |a Электрические распределительные устройства  |x Уход и обслуживание  |2 stltpush  |3 (RuTPU)RU\TPU\subj\27386  |9 51150 
610 1 |a электроустановки 
610 1 |a распределительные устройства 
610 1 |a трансформаторные подстанции 
610 1 |a кабельные линии 
610 1 |a электропроводка 
610 1 |a ремонтные работы 
610 1 |a испытания 
610 1 |a безопасность 
610 1 |a противопожарные мероприятия 
610 1 |a трансформаторы 
675 |a 621.316.37  |z rus 
700 1 |a Коротков  |b Г. С.  |g Георгий Сергеевич 
701 1 |a Членов  |b М. Я.  |g Михаил Яковлевич 
801 0 |a RU  |b RuMRKP  |c 19950417  |g psbo 
801 1 |a RU  |b 63413507  |c 20121226 
801 2 |a RU  |b 63413507  |c 20221216  |g RCR 
942 |c BK